Pokémon de la Zone Zéro (Écarlate et Violet) - Statistiques

Statistiques générales
  • Ce quiz a été pris 8 fois
  • Le résultat moyen est 26 sur 81
Statistiques - réponses
Pokémon qui peuvent être capturés dans la Zone Zéro % Correct
Épine-de-Fer
86%
Koraidon
86%
Miraidon
86%
Farigiraf
71%
Flotte-Mèche
71%
Fongus-Furie
71%
Garde-de-Fer
71%
Hotte-de-Fer
71%
Hurle-Queue
71%
Ire-Foudre
71%
Paume-de-Fer
71%
Pelage-Sablé
71%
Raichu
71%
Rugit-Lune
71%
Scalpion
71%
Scalproie
71%
Chef-de-Fer
57%
Floréclat
57%
Fort-Ivoire
57%
Mite-de-Fer
57%
Rampe-Ailes
57%
Roc-de-Fer
57%
Roue-de-Fer
57%
Akwakwak
43%
Donphan
43%
Feu-Perçant
43%
Gambex
43%
Germéclat
43%
Gigansel
43%
Girafarig
43%
Gueriaigle
43%
Têtes-de-Fer
43%
Amassel
29%
Ampibidou
29%
Beldeneige
29%
Corvaillus
29%
Deusolourdo
29%
Leveinard
29%
Lougaroc
29%
Maskadra
29%
Phanpy
29%
Pohm
29%
Pohmotte
29%
Pyrax
29%
Triopikeur
29%
Aéromite
14%
Aquali
14%
Brutalibré
14%
Camérupt
14%
Carmache
14%
Charibari
14%
Cléopsytra
14%
Diamat
14%
Farfuret
14%
Flamenroule
14%
Floette
14%
Griknot
14%
Insolourdo
14%
Mentali
14%
Mustébouée
14%
Mustéflott
14%
Noctali
14%
Pachyradjah
14%
Selutin
14%
Ténéfix
14%
Toutombe
14%
Altaria
0%
Chamallot
0%
Charmina
0%
Chevroum
0%
Corboss
0%
Cornèbre
0%
Cotovol
0%
Dimoret
0%
Dispareptil
0%
Fantyrm
0%
Flambusard
0%
Méditikka
0%
Têtampoule
0%
Tomberro
0%
Tylton
0%
Aucun quiz correspondant
Distribution des résultats
% des personnes avec chaque résultat
Percentile par nombre de réponses
Votre historique - résultats
Vous n’avez pas pris ce quiz